000 00467nam a2200169Ia 4500
008 220216s9999 xx 000 0 und d
100 _aQinzhou Xu
245 0 _aDevelopment and application of high-lift sprayer model SCCTC-30
260 _bChinese Journal of Tropical Crops
_c1994
300 _a118
650 _aHigh-lift sprayer model SCCTC-30
700 _aHongyi Xu
700 _aLiang Zhong
700 _aXing Wu
700 _aZhongcheng Li
942 _cJS
999 _c56936
_d56936